Statistics for First Lines of Beatles Songs

Click here to take the quiz!

General Stats

  • This quiz has been taken 37,503 times
  • The average score is 10 of 16

Answer Stats

First LineSong% Correct
When I get older losing my hair, many years from nowWhen I'm Sixty-Four
80%
You say yes / I say noHello, Goodbye
79%
Flew in from Miami Beach BOACBack in the USSR
72%
There's nothing you can do that can't be doneAll You Need is Love
66%
Ooh i need your love babe / Guess you know it's trueEight Days a Week
66%
Desmond has a barrow in the market placeOb-La-Di, Ob-La-Da
66%
Here come old flattop / He come grooving up slowlyCome Together
64%
I read the news today, oh boyA Day in the Life
62%
Try to see it my way / Do I have to keep on talking till I can't go on?We Can Work it Out
60%
Well, she was just 17 / You know what I meanI Saw Her Standing There
59%
I once had a girl, or should I say, she once had meNorwegian Wood
55%
Asked a girl what she wanted to beDrive My Car
52%
When I get to the bottom I go back to the top of the slideHelter Skelter
52%
Words are flowing out like endless rain into a paper cupAcross the Universe
47%
Wednesday morning at five o'clock as the day beginsShe's Leaving Home
40%
Let me tell you how it will be / There's one for you nineteen for meTaxman
35%

Score Distribution

Percentile by Number Answered

Percent of People with Each Score

Your Score History

You have not taken this quiz